The 7 habits of highly defective people : (Registro nro. 10845)

Detalles MARC
000 -LEADER
fixed length control field 00863cam a22003374a 4500
001 - CONTROL NUMBER
control field 117643
003 - CONTROL NUMBER IDENTIFIER
control field DO-SdBNP
005 - DATE AND TIME OF LATEST TRANSACTION
control field 20160712155453.0
007 - PHYSICAL DESCRIPTION FIXED FIELD--GENERAL INFORMATION
fixed length control field 117643
008 - FIXED-LENGTH DATA ELEMENTS--GENERAL INFORMATION
fixed length control field 961115s2004 xxu 000 0 eng c
010 ## - LIBRARY OF CONGRESS CONTROL NUMBER
LC control number
020 ## - INTERNATIONAL STANDARD BOOK NUMBER
International Standard Book Number 9780743269513
035 ## - SYSTEM CONTROL NUMBER
System control number
035 ## - SYSTEM CONTROL NUMBER
System control number
040 ## - CATALOGING SOURCE
Original cataloging agency BPMSU
Transcribing agency spa
Modifying agency BPMSU
042 ## - AUTHENTICATION CODE
Authentication code
050 00 - LIBRARY OF CONGRESS CALL NUMBER
Classification number
Item number
082 00 - DEWEY DECIMAL CLASSIFICATION NUMBER
Classification number
Edition number
100 1# - MAIN ENTRY--PERSONAL NAME
Personal name Covery, Stephen R.
245 14 - TITLE STATEMENT
Title The 7 habits of highly defective people :
Remainder of title restoring the character Ethic /
Statement of responsibility, etc. Stephen R. Covery
246 3# - VARYING FORM OF TITLE
Title proper/short title Seven habits of highly defective people
260 ## - PUBLICATION, DISTRIBUTION, ETC. (IMPRINT)
Place of publication, distribution, etc. New York :
Name of publisher, distributor, etc. Free Press,
Date of publication, distribution, etc. 2004
300 ## - PHYSICAL DESCRIPTION
Extent 372 p. ;
Other physical details
Dimensions 24 cm.
500 ## - GENERAL NOTE
General note over 15 million sold
650 #0 - SUBJECT ADDED ENTRY--TOPICAL TERM
Topical term or geographic name as entry element Best sellers
Form subdivision Humor.
650 #0 - SUBJECT ADDED ENTRY--TOPICAL TERM
Topical term or geographic name as entry element Parodies.
700 1# - ADDED ENTRY--PERSONAL NAME
Personal name
942 ## - ADDED ENTRY ELEMENTS (KOHA)
Source of classification or shelving scheme Dewey Decimal Classification
Koha item type Libros
956 ## - LOCAL ELECTRONIC LOCATION AND ACCESS (OCLC)
Host name VMATEO
Access number 10
Compression information 20160712
Path BPMSU
Electronic name 00069
Existencias
Withdrawn status Lost status Source of classification or shelving scheme Damaged status Not for loan Collection code Home library Current library Date acquired Source of acquisition Total Checkouts Barcode Date last seen Price effective from Koha item type
    Dewey Decimal Classification       Biblioteca Pública Metropolitana Salomé Ureña Biblioteca Pública Metropolitana Salomé Ureña 07/12/2016 Donado por Roberto Antonio Fernández   BPMET16070422 07/12/2016 07/12/2016 Libros